| 000 | 00824nam a2200253 i 4500 | ||
|---|---|---|---|
| 001 | bg | ||
| 100 | 1 | _aWiciak, Margareta. | |
| 245 | 1 | 0 |
_aElementy probabilistyki w zadaniach : _bpodręcznik dla studentów wyższych szkół technicznych / _cMargareta Wiciak ; Politechnika Krakowska im. Tadeusza Kościuszki. |
| 260 |
_aKraków : _bWydawnictwo PK, _c2008. |
||
| 300 |
_a182, [2] s. : _bil. ; _c24 cm. |
||
| 504 | _aBibliogr. s. [184]. | ||
| 650 | 9 | _aRachunek prawdopodobieństwa | |
| 650 | 9 | _aStatystyka matematyczna | |
| 655 | _aĆwiczenia i zadania dla szkół wyższych | ||
| 015 | _aPB 25557/2008 | ||
| 020 | _a9788372424686 | ||
| 040 | _cBPK | ||
| 041 | _apol | ||
| 044 | _aPOL | ||
| 080 | _a519.2(075.8)(076) | ||
| 920 | _a978-83-7242-468-6 | ||
| 942 | _cKS | ||
| 008 | 081009s2008 pl a f f |000 0 pol | ||
| 999 |
_c56167 _d56167 |
||
| 856 |
_uhttp://koha.tu.koszalin.pl/cgi-bin/koha/opac-detail.pl?biblionumber=56167 _yKatalog online BPK |
||